000 01230cam a2200361 a 4500
001 4470284
003 ARRUPE
005 20140924130950.0
008 891214r19881953mauaf b 001 0beng
010 _a88018591
020 _a0932506674
035 _a(OCoLC)18292197
035 _a(OCoLC)ocm18292197
035 _a(NNC)4470284
040 _cddfgdff
041 1 _aeng
_hfre
043 _ae-sp---
050 0 _aBX4700.T4
_bA813 1988
090 _aBX4700.T4
_bA813 1988
100 1 _aAuclair, Marcelle,
_d1899-1983.
_911524
245 1 0 _aSaint Teresa of Avila /
_cMarcelle Auclair ; translated by Kathleen Pond ; with a preface by André Maurois.
260 _aPetersham, Mass. :
_bSt. Bede's Publications,
_cc1988.
300 _axv, 457 p., [12] p. of plates :
_bill. ;
_c22 cm.
500 _aTranslation of: La vie de sainte Thérèse d'Avila.
500 _aReprint. Originally published: New York : Pantheon, 1953.
500 _aIncludes index.
504 _aBibliography: p. [447]-450.
600 0 0 _aTeresa,
_cof Avila, Saint,
_d1515-1582.
_911525
650 0 _aChristian saints
_zSpain
_zAvila
_vBiography.
_911526
651 0 _aAvila (Spain)
_vBiography.
_911527
942 _2lcc
_cMONOGRAPH
999 _c120918
_d120918